History - European | 10 | 2 | 0 | 0 | 170 | 11 | 51.83 | 1 | 7 |
History - World | 7 | 2 | 0 | 0 | 125 | 15 | 44.78 | 1 | 4 |
Literature - European | 4 | 1 | 0 | 0 | 70 | 19 | 52.00 | 1 | 2 |
History - Cross, Historiography, and Miscellaneous | 1 | 5 | 0 | 0 | 65 | 54 | 76.67 | 1 | 1 |
Fine Arts - Painting | 2 | 2 | 0 | 0 | 50 | 50 | 80.00 | 1 | 2 |
Current Events - World | 1 | 2 | 0 | 0 | 35 | 57 | 80.67 | 0 | 0 |
Literature - American | 1 | 1 | 0 | 0 | 25 | 52 | 88.50 | 0 | 0 |
RMP - Philosophy | 1 | 1 | 0 | 0 | 25 | 20 | 46.50 | 1 | 2 |
Fine Arts - Sculpture | 1 | 1 | 0 | 0 | 25 | 48 | 61.50 | 0 | 0 |
Literature - British | 1 | 1 | 0 | 0 | 25 | 37 | 53.50 | 1 | 2 |
Fine Arts - Miscellaneous | 0 | 2 | 0 | 0 | 20 | 92 | 103.00 | 0 | 0 |
Fine Arts - Photography | 1 | 0 | 0 | 0 | 15 | 32 | 32.00 | 1 | 1 |
Other - Other Academic and General Knowledge | 1 | 0 | 0 | 0 | 15 | 52 | 52.00 | 0 | 0 |
History - American | 1 | 0 | 0 | 0 | 15 | 53 | 53.00 | 0 | 0 |
Social Science - Psychology | 0 | 1 | 0 | 0 | 10 | 111 | 111.00 | 0 | 0 |
Geography - United States | 0 | 1 | 0 | 0 | 10 | 81 | 81.00 | 0 | 0 |
Fine Arts - Architecture | 0 | 1 | 0 | 0 | 10 | 78 | 78.00 | 0 | 0 |
RMP - World Mythology | 0 | 1 | 0 | 0 | 10 | 103 | 103.00 | 0 | 0 |
Science - Engineering and Miscellaneous | 0 | 1 | 0 | 0 | 10 | 113 | 113.00 | 0 | 0 |
Geography - Europe | 0 | 1 | 0 | 0 | 10 | 132 | 132.00 | 0 | 1 |
Science - Biology | 0 | 0 | 0 | 0 | 0 | | 0.00 | 0 | 0 |
RMP - Buddhism | 0 | 0 | 0 | 0 | 0 | | 0.00 | 0 | 0 |
RMP - Hinduism | 0 | 0 | 0 | 0 | 0 | | 0.00 | 0 | 0 |
Geography - World | 0 | 0 | 0 | 0 | 0 | | 0.00 | 0 | 0 |